|
|
|
|
| LEADER |
03397nam a2200805 i 4500 |
| 001 |
nkc20203276493 |
| 003 |
CZ PrNK |
| 005 |
20220901090622.0 |
| 007 |
ta |
| 008 |
201216s2019 xr abehe 001 0 eng |
| 015 |
|
|
|a cnb003276493
|
| 020 |
|
|
|a 978-80-88258-22-3
|q (vázáno)
|
| 035 |
|
|
|a (OCoLC)1344358522
|
| 040 |
|
|
|a BOA001
|b cze
|d ABA001
|e rda
|
| 041 |
1 |
|
|a eng
|h cze
|
| 043 |
|
|
|a e-xr---
|b e-xr-pg
|b e-xr-st
|2 czenas
|
| 072 |
|
7 |
|a 72
|x Architektura
|2 Konspekt
|9 21
|
| 080 |
|
|
|a 904-027.542
|2 MRF
|
| 080 |
|
|
|a 72:904
|2 MRF
|
| 080 |
|
|
|a 711.523
|2 MRF
|
| 080 |
|
|
|a (437.311)
|2 MRF
|
| 080 |
|
|
|a (437.312)
|2 MRF
|
| 080 |
|
|
|a (048.8)
|2 MRF
|
| 080 |
|
|
|a (084.12)
|2 MRF
|
| 100 |
1 |
|
|a Vlček, Pavel,
|d 1948-
|7 jn19990209995
|4 aut
|4 edt
|
| 245 |
1 |
4 |
|a The historic centre of Prague and the Průhonice Park /
|c Pavel Vlček (ed.), Jan Bažant, Zdeněk Dragoun, Jan Hendrych, Klára Mezihoráková, Arno Pařík, Marie Platovská, Dalibor Prix, Markéta Svobodová, Petr Uličný ; photography: Jiří Podrazil ; English translation: Martin Tharp
|
| 250 |
|
|
|a 1st edition in English
|
| 264 |
|
1 |
|a Praha :
|b Foibos Books s.r.o.,
|c 2019
|
| 300 |
|
|
|a 335 stran :
|b ilustrace (převážně barevné), mapy, plány, faksimile ;
|c 27 cm
|
| 336 |
|
|
|a text
|b txt
|2 rdacontent
|
| 336 |
|
|
|a statický obraz
|b sti
|2 rdacontent
|
| 337 |
|
|
|a bez média
|b n
|2 rdamedia
|
| 338 |
|
|
|a svazek
|b nc
|2 rdacarrier
|
| 490 |
1 |
|
|a World UNESCO heritage
|
| 500 |
|
|
|a Přeloženo z češtiny
|
| 500 |
|
|
|a Na obálce pod názvem: UNESCO Czech Heritage
|
| 504 |
|
|
|a Obsahuje bibliografii a rejstřík
|
| 610 |
2 |
7 |
|a UNESCO
|7 kn20010711459
|2 czenas
|
| 650 |
0 |
7 |
|a národní kulturní památky
|7 ph581718
|z Česko
|2 czenas
|
| 650 |
0 |
7 |
|a architektonické památky
|7 ph118585
|z Česko
|2 czenas
|
| 650 |
0 |
7 |
|a městská historická centra
|7 ph137096
|z Česko
|2 czenas
|
| 650 |
0 |
9 |
|a national cultural monuments
|z Czechia
|2 eczenas
|
| 650 |
0 |
9 |
|a architectural monuments
|z Czechia
|2 eczenas
|
| 650 |
0 |
9 |
|a historical town centers
|z Czechia
|2 eczenas
|
| 651 |
|
7 |
|a Praha (Česko)
|7 ge118011
|2 czenas
|
| 651 |
|
7 |
|a Průhonický park (Průhonice, Česko)
|7 ge300095
|2 czenas
|
| 651 |
|
9 |
|a Prague (Czechia)
|2 eczenas
|
| 651 |
|
9 |
|a Park Průhonice (Průhonice, Czechia)
|2 eczenas
|
| 655 |
|
7 |
|a přehledy
|7 fd133202
|2 czenas
|
| 655 |
|
7 |
|a fotografické publikace
|7 fd132276
|2 czenas
|
| 655 |
|
9 |
|a surveys
|2 eczenas
|
| 655 |
|
9 |
|a photographical works
|2 eczenas
|
| 700 |
1 |
|
|a Bažant, Jan,
|d 1950-
|7 jn19990209024
|4 aut
|
| 700 |
1 |
|
|a Dragoun, Zdeněk,
|d 1946-
|7 jn20000400530
|4 aut
|
| 700 |
1 |
|
|a Hendrych, Jan,
|d 1951-
|7 mzk2014819862
|4 aut
|
| 700 |
1 |
|
|a Mezihoráková, Klára,
|d 1975-
|7 jo2013748575
|4 aut
|
| 700 |
1 |
|
|a Pařík, Arno,
|d 1948-
|7 jo20000074497
|4 aut
|
| 700 |
1 |
|
|a Platovská, Marie,
|d 1951-
|7 mzk2006322900
|4 aut
|
| 700 |
1 |
|
|a Prix, Dalibor,
|d 1961-
|7 jn20010309175
|4 aut
|
| 700 |
1 |
|
|a Svobodová, Markéta,
|d 1971-
|7 jo2006333733
|4 aut
|
| 700 |
1 |
|
|a Uličný, Petr,
|d 1972-
|7 mzk2010608045
|4 aut
|
| 700 |
1 |
|
|a Podrazil, Jiří,
|d 1962-
|7 mzk2004148558
|4 pht
|
| 700 |
1 |
|
|a Tharp, Martin,
|d 1970-
|7 ntka174143
|4 trl
|
| 710 |
2 |
|
|a České dědictví UNESCO (sdružení)
|7 xx0090641
|4 isb
|
| 830 |
|
0 |
|a UNESCO world heritage
|0 s
|
| 910 |
2 |
|
|a BOA001
|b 3-1458.897
|
| 990 |
|
|
|a BK
|
| 995 |
|
|
|a 01
|
| 991 |
|
|
|b 202102
|c NOV
|
| 996 |
6 |
|
|b 2610848924
|c 3-1458.897
|l MZK
|r Sklad / do 1 hodiny
|n 0
|p p.v.
|w 001838522
|u 000010
|a 1
|e BOA001
|j MZK50
|s P
|